000 00744na a2200241 4500
001 16013
003 MIRAKIL
005 20181213155029.0
008 161013b tu 000 0
035 _a16013
040 _aMilas
_btur
_cTR-AnCHP
041 _atur
082 _a811.41
_bE67s 2005
090 _a811.41 E67s 2005
100 _aErsoy, Mehmet Akif
_d1873- 1936
245 _aSafahat
_bMilletimizin, dilimizin ve istiklalimizin şairi
_cMehmet Akif Ersoy
246 _aMilletimizin, dilimizin ve istiklalimizin şairi
260 _aKırşehir
_bKırşehir Belediyesi
_c2005
300 _a631 s.
_bftg.
_c19 sm.
600 _aErsoy, Mehmet Akif
_cİstiklal şairi
_xYaşamöyküsü
650 _aTürkçe şiir
942 _2ddc
_cBKS
999 _c5157
_d5157